[Event "Speed Chess (Women) Q2"]
[Site "Chess.com INT"]
[Date "2021.05.29"]
[Round "5"]
[White "Golubeva, Oksana"]
[Black "Shvedova, Alexandra"]
[Result "1-0"]
[WhiteElo "2179"]
[BlackElo "1976"]
[PlyCount "149"]
[EventDate "2021.05.29"]
[EventType "swiss (blitz)"]
[EventRounds "13"]
[EventCountry "USA"]
[SourceTitle "CBM 202 Extra"]
[Source "ChessBase"]
[SourceDate "2021.07.31"]
[SourceVersion "1"]
[SourceVersionDate "2021.07.31"]
[SourceQuality "1"]

1. Nf3 d5 2. e3 Nf6 3. c4 e6 4. Nc3 b6 5. Qc2 Bb7 6. b3 Nbd7 7. Bb2 Be7 8. Rg1 h5 9. 0-0-0 a6 10. Kb1 dxc4 11. Bxc4 b5 12. Be2 Nb6 13. d4 b4 14. Na4 Nxa4 15. bxa4 Qd7 16. Ne5 Qd8 17. Nc6 Qd7 18. Bf3 Nd5 19. Nxe7 Qxe7 20. Rc1 0-0-0 21. a5 Kb8 22. Qc5 Qxc5 23. Rxc5 h4 24. h3 Rd7 25. Rgc1 Rg8 26. Kc2 g5 27. Kb3 f5 28. Rc6 Bxc6 29. Rxc6 g4 30. Be2 Rd6 31. Rxa6 gxh3 32. gxh3 Rg2 33. Rxd6 cxd6 34. a3 bxa3 35. Bxa3 Kc7 36. a6 Nb6 37. Bb4 Rxf2 38. Bb5 Rf3 39. a7 Rxe3+ 40. Kc2 Kb7 41. Bxd6 Kxa7 42. Bf1 Nd5 43. Kd2 Rf3 44. Ke2 Rb3 45. Bc5+ Kb7 46. Bg2 Kc7 47. Bf1 Nf4+ 48. Kd2 Nxh3 49. Be7 Nf4 50. Bxh4 Nd5 51. Bc4 Rb2+ 52. Kd3 Rh2 53. Bg3+ f4 54. Bxh2 Kd7 55. Bxd5 exd5 56. Bxf4 Ke6 57. Ke3 Ke7 58. Be5 Ke6 59. Kf4 Kd7 60. Kf5 Ke7 61. Bf4 Kd7 62. Ke5 Kc6 63. Ke6 Kb5 64. Kxd5 Kb6 65. Kd6 Ka7 66. d5 Kb8 67. Kd7+ Kb7 68. d6 Kb6 69. Kd8 Ka7 70. d7 Ka8 71. Kc7 Ka7 72. d8Q Ka6 73. Qb8 Ka5 74. Qb3 Ka6 75. Qb6# 1-0

[Event "Speed Chess (Women) Q2"]
[Site "Chess.com INT"]
[Date "2021.05.29"]
[Round "8"]
[White "Martynkova, Olena"]
[Black "Golubeva, Oksana"]
[Result "0-1"]
[WhiteElo "2195"]
[BlackElo "2179"]
[PlyCount "92"]
[EventDate "2021.05.29"]
[EventType "swiss (blitz)"]
[EventRounds "13"]
[EventCountry "USA"]
[SourceTitle "CBM 202 Extra"]
[Source "ChessBase"]
[SourceDate "2021.07.31"]
[SourceVersion "1"]
[SourceVersionDate "2021.07.31"]
[SourceQuality "1"]

1. d4 e6 2. Nf3 Nf6 3. c4 d5 4. g3 b6 5. cxd5 exd5 6. Bg2 Bb7 7. 0-0 Bd6 8. Nc3 0-0 9. Nb5 Re8 10. Nxd6 cxd6 11. Bg5 Nbd7 12. Rc1 h6 13. Bf4 Ne4 14. Nd2 Qe7 15. Nb3 Rac8 16. h4 g5 17. hxg5 hxg5 18. Bxe4 dxe4 19. Be3 Kg7 20. d5 Ne5 21. Kg2 Rxc1 22. Qxc1 Bxd5 23. Nd4 Kg6 24. Rh1 Ng4 25. b3 Bb7 26. Qd2 Qf6 27. Nb5 Re5 28. Nd4 Rd5 29. Qc2 Rxd4 30. Bxd4 Qxd4 31. e3 Qf6 32. Qe2 Qf3+ 33. Qxf3 exf3+ 34. Kg1 Kg7 35. Rh5 f6 36. Kf1 Ba6+ 37. Ke1 Bd3 38. a3 Bg6 39. Rh1 d5 40. b4 b5 41. Rf1 Bd3 42. Rg1 Bc4 43. Rh1 f5 44. Rh5 Ne5 45. Rxg5+ Kf6 46. Rg8 Nd3+ 0-1